Normal view
MARC view
- Sponsoring DS: Brig. Dr. Nasir Rashid Dr. Mubasher Saleem Lec Ayesha Zeb Lec Arshia Arif
Entry Corporate Name
001 - CONTROL NUMBER
- control field: 85472
003 - CONTROL NUMBER IDENTIFIER
- control field: NUST
005 - DATE AND TIME OF LATEST TRANSACTION
- control field: 20211202160239.0
008 - FIXED-LENGTH DATA ELEMENTS
- fixed length control field: 211202|| aca||aabn | a|a d
040 ## - CATALOGING SOURCE
- Original cataloging agency: NUST
- Transcribing agency: NUST
110 ## - HEADING--CORPORATE NAME
- Corporate name or jurisdiction name as entry element: Sponsoring DS: Brig. Dr. Nasir Rashid Dr. Mubasher Saleem Lec Ayesha Zeb Lec Arshia Arif
670 ## - SOURCE DATA FOUND
- Source citation: Work cat.: (NUST): Rabia Avais Khan Muhammad Shahzaib Umar Farooq Malik 85471, PR-SOF-2018-Classification of two-class motor imagery for Brain Computer Interface, 2021.
